000 00721cab a2200241 4500
001 ABS57986
008 090401t1997 xxu||||| |||| 00| 0 eng d
035 _a(Sirsi) u82306
041 _aeng
100 _aDent, P.
245 _aManaging public sector property assets: the valuation issues
260 _c1997
350 _a0
490 _aProperty Management
_v15(4) 1997, 226-233(8)
520 _aConsiders the nature of local authority assets within the context of overall management objectives.
650 _aASSET REGISTERS
650 _aLOCAL AUTHORITIES
650 _aPROPERTY ASSET MANAGEMENT
650 _aVALUATION METHODS
690 _aRATING AND VALUATION
942 _n0
948 _c25/11/1997
999 _c51941
_d51941